<?xml version="1.0" encoding="UTF-8"?>
<record
    xmlns:xsi="http://www.w3.org/2001/XMLSchema-instance"
    xsi:schemaLocation="http://www.loc.gov/MARC21/slim http://www.loc.gov/standards/marcxml/schema/MARC21slim.xsd"
    xmlns="http://www.loc.gov/MARC21/slim">

  <leader>00899nam a22001695i 4500</leader>
  <controlfield tag="001">160143</controlfield>
  <controlfield tag="003">ES-MaACL</controlfield>
  <controlfield tag="005">20250718042051.0</controlfield>
  <controlfield tag="008">970902s1853    sp           |||| | spa d</controlfield>
  <datafield tag="100" ind1="1" ind2=" ">
    <subfield code="a">G&#xF3;mez de la Cortina, Joaqu&#xED;n </subfield>
    <subfield code="c">Marqu&#xE9;s de Morante (</subfield>
    <subfield code="d">1805-1868)</subfield>
    <subfield code="9">57894</subfield>
  </datafield>
  <datafield tag="245" ind1="1" ind2="0">
    <subfield code="a">Informe que acerca de la reforma del plan y reglamento de estudios, y en cumplimiento de la Real Orden Circular de 4 de octubre de 1855, ha elevado al Excmo. Se&#xF1;or Ministro de Gracia y Justicia el Excmo. Se&#xF1;or Marqu&#xE9;s de Morante.</subfield>
  </datafield>
  <datafield tag="260" ind1=" " ind2=" ">
    <subfield code="a">Madrid : </subfield>
    <subfield code="b">[s.n.], </subfield>
    <subfield code="c">1853 (</subfield>
    <subfield code="f">Imp. de Jos&#xE9; M. Ducazcal)</subfield>
  </datafield>
  <datafield tag="300" ind1=" " ind2=" ">
    <subfield code="a">64 p. ; </subfield>
    <subfield code="c">25 cm.</subfield>
  </datafield>
  <datafield tag="650" ind1="0" ind2="4">
    <subfield code="a">Ense&#xF1;anza-</subfield>
    <subfield code="z">Espa&#xF1;a-</subfield>
    <subfield code="y">S.XIX</subfield>
    <subfield code="9">12286</subfield>
  </datafield>
  <datafield tag="852" ind1=" " ind2=" ">
    <subfield code="a">ES-MaACL</subfield>
    <subfield code="j">T-387-F-3 </subfield>
    <subfield code="z">- Enc. hol., falto de cub. original </subfield>
    <subfield code="z">- Enc. en un vol. facticio </subfield>
    <subfield code="z">.- En port:: Sello de "Los Escolares M&#xE9;dicos" y firma de Gustavo Saenz D&#xED;ez</subfield>
  </datafield>
  <datafield tag="999" ind1=" " ind2=" ">
    <subfield code="c">160143</subfield>
    <subfield code="d">160143</subfield>
  </datafield>
  <datafield tag="952" ind1=" " ind2=" ">
    <subfield code="0">0</subfield>
    <subfield code="1">0</subfield>
    <subfield code="4">0</subfield>
    <subfield code="7">0</subfield>
    <subfield code="8">Colecci&#xF3;n_de_folletos</subfield>
    <subfield code="a">ATENEOM</subfield>
    <subfield code="b">ATENEOM</subfield>
    <subfield code="c">DEPOF</subfield>
    <subfield code="d">2008-01-17</subfield>
    <subfield code="l">0</subfield>
    <subfield code="o">T-387-F-3</subfield>
    <subfield code="p">1167661</subfield>
    <subfield code="r">2023-02-23 00:00:00</subfield>
    <subfield code="w">2023-02-23</subfield>
    <subfield code="y">FOLLETOS</subfield>
  </datafield>
</record>
